000 00470cam a2200181ua 4500
001 5833
005 20260515113936.0
008 131023n ii |||gr||||Z||||||eng
040 _cMAIN
082 _a954
245 1 1 _aInterpriting Indian History
_cBy Irfan Habib
260 _aShillong:
_bNorth-Eastern Hill University Publications.
300 _ax,59p.
653 _aHistory
653 _aInterpriting Indian History
700 1 _aHabib,Irfan,
_eAuthor.
942 _cBK
999 _c4982
_d4982